000 00894nam a22002057a 4500
005 20240530110510.0
008 151027s2010 ua ao g 000 0dara d
017 _a2010/43841
_bمصر . دار الكتب المصرية
040 _aEG-CaGPL
082 0 4 _221
_a923.1\
_bآ أ
100 0 _aانيس الدغيدى
245 1 0 _aايام اوباما السوداء :
_bقصة حياتة و ماساتة مع الفقر و الكفاح و السياسة و اليهود : من الزنوج الى الكاوبوى : الحلم الامريكى الى اين ؟ /
_cانيس الدغيدى
250 _aط1
260 _aالقاهرة :
_bمكتبة جزيرة الورد ،
_c2010 .
300 _a616 ص :
_bصور ؛
_c24 سم .
600 0 4 _aاوباما
_vتراجم
650 0 4 _aرؤساء الدول
_xتراجم
942 _2ddc
_cBK
999 _c61660
_d61660